LEADER 04919nam 2200673 a 450 001 9910784927603321 005 20200520144314.0 010 $a1-282-70330-7 010 $a9786612703300 010 $a1-84951-071-7 035 $a(CKB)2670000000035246 035 $a(EBL)951173 035 $a(OCoLC)797915392 035 $a(SSID)ssj0000445153 035 $a(PQKBManifestationID)12128347 035 $a(PQKBTitleCode)TC0000445153 035 $a(PQKBWorkID)10480895 035 $a(PQKB)10106156 035 $a(Au-PeEL)EBL951173 035 $a(CaPaEBR)ebr10441074 035 $a(CaONFJC)MIL270330 035 $a(MiAaPQ)EBC951173 035 $a(PPN)228034027 035 $a(EXLCZ)992670000000035246 100 $a20110121d2010 uy 0 101 0 $aeng 135 $aur|n|---||||| 181 $ctxt 182 $cc 183 $acr 200 10$aYUI 2.8$b[electronic resource] $edevelop your next-generation web applications with the YUI JavaScript development library /$fDaniel Barreiro, Dan Wellman 210 $aBirmingham, U.K. $cPackt Open Source$d2010 215 $a1 online resource (404 p.) 225 1 $aCommunity experience distilled 300 $aIncludes index. 311 $a1-84951-070-9 327 $aCover; Copyright; About the Authors; About the Reviewers; Table of Contents; Preface; Chapter 1: Getting Started with YUI; What is the YUI?; Who is it for and who will it benefit the most?; Why the Yahoo! User Interface Library?; Graded browser support; What comes with the YUI?; The library topography; The core files; The Utilities; The controls; The CSS Tools; The developer tools; The library's structure; What else does Yahoo! provide?; Are there any licensing restrictions?; Installing the YUI; Creating an offline library repository; Using the library files in your own web pages 327 $aCode placementPerfect date selection with the Calendar Control; The basic Calendar class; The CalendarGroup class; Implementing a Calendar; The initial HTML page; Highly eventful; The DateMath class; Summary; Chapter 2: Creating Consistency with the CSS Tools; Tools of the trade; Element normalization with reset.css; Element rules; First base; Tidying up text with fonts.css; Layout pages with ease using grids.css; Setting up your page structure; The basic building blocks of your pages; Grid nesting; A word on Sam; Summary; Chapter 3: DOM Manipulation and Event Handling; Working with the DOM 327 $aDOM conceptsCommon DOM scripting techniques; Common DOM methods; Further reading; DOM-the old way; DOM-the YUI way; DOM manipulation in YUI; Many DOMs make light work; The Dom class; Using the Dom class; The Region class; Additional useful Dom methods; Other classes; The Selector Utility; Listening for Events the easy (YUI) way; Event models; Old styled events; YUI event capturing; Evolving event handlers; Reacting when appropriate; A look at the Event Utility; Listeners; Event delegation; Other plugins; Custom events; The evolution of Custom Events; EventProvider; Custom event basics 327 $aThe Element UtilitySubclassing from Element; Adding custom methods and properties; Using AttributeProvider; Summary; Chapter 4: Calling Back Home; Introduction to Connection Manager; The XMLHttpRequest object interface; A closer look at the response object; The Callback object; Basic communication; Sending forms; Posting; Yahoo Query Language (YQL); Overcoming the XDS restriction; Working with XML; Processing a JSON reply; Using JSONP with the Get utility; Loading library components via Get; Summary; Chapter 5: Animation, the Browser History Manager, and Cookies 327 $aIntroducing the Animation UtilityThe class structure of the Animation Utility; The Animation constructor; Animation's attributes; Custom Animation events; The subclasses; Additional classes; Using Animation to create an Accordion Widget; Listening to the end of the Animation; The CSS for Accordion; Using Element; Dealing with motion; Restoring the browser's expected functionality; The BHM class; Using BHM; The BHM script; Cookies; Summary; Chapter 6: Content Containers and Tabs; Meet the YUI Container family; Module; Overlay; Panel; Tooltip; Dialog; SimpleDialog; Container Effects 327 $aOverlayManager 330 $aDevelop your next-generation web applications with the YUI JavaScript development library 606 $aApplication software$xDevelopment 606 $aJavaScript (Computer program language) 615 0$aApplication software$xDevelopment. 615 0$aJavaScript (Computer program language) 676 $a005.13 676 $a006.76 700 $aBarreiro$b Daniel$01463333 701 $aWellman$b Dan$01463334 712 02$aYahoo! Inc. 801 0$bMiAaPQ 801 1$bMiAaPQ 801 2$bMiAaPQ 906 $aBOOK 912 $a9910784927603321 996 $aYUI 2.8$93672573 997 $aUNINA LEADER 02598oam 2200565I 450 001 9910960834603321 005 20251117110322.0 010 $a1-317-93995-6 010 $a1-315-85952-1 010 $a1-317-93996-4 024 7 $a10.4324/9781315859521 035 $a(CKB)2670000000521157 035 $a(EBL)1619102 035 $a(SSID)ssj0001108419 035 $a(PQKBManifestationID)12489860 035 $a(PQKBTitleCode)TC0001108419 035 $a(PQKBWorkID)11086285 035 $a(PQKB)10072366 035 $a(OCoLC)874175276 035 $a(MiAaPQ)EBC1619102 035 $a(OCoLC)897465783 035 $a(EXLCZ)992670000000521157 100 $a20180706d2013 uy 0 101 0 $aeng 135 $aur|n|---||||| 181 $ctxt 182 $cc 183 $acr 200 10$aLeadership in academic libraries $eproceedings of the W. Porter Kellam Conference, the University of Georgia, May 7, 1991 /$fWilliam Gray Potter, editor 205 $a1st ed. 210 1$aNew York :$cRoutledge,$d2013. 215 $a1 online resource (100 p.) 300 $aDescription based upon print version of record. 311 08$a1-56024-400-3 320 $aIncludes bibliographical references. 327 $aCover; Half Title; Title Page; Copyright Page; Table of Contents; Introduction; Developments in Library Services; Emerging Technologies; The Evolution of Academic Library Architecture: A Summary; Library Cooperation; Panel Discussion; Reminiscences from the Professional Experiences of an Erstwhile Academic Librarian 330 $aHere is a fascinating first-hand perspective of the dramatic changes that have occurred in academic library administration over the past five decades. In Leadership in Academic Libraries, distinguished directors of academic and research libraries pay tribute to W. Porter Kellam, Director Emeritus of the University of Georgia, by presenting an overview of the course of academic and research libraries over the span of his 50 year career. Administrative leaders in academic librarianship including Stuart Forth, Richard Chapin, Frank Grisham, and Ken Toombs offer a frank, perceptive, and witty acco 606 $aAcademic libraries$zUnited States$vCongresses 615 0$aAcademic libraries 676 $a027.7/0973 676 $a027.70973 701 $aPotter$b William Gray$01861848 712 12$aW. Porter Kellam Conference. 801 0$bMiAaPQ 801 1$bMiAaPQ 801 2$bMiAaPQ 906 $aBOOK 912 $a9910960834603321 996 $aLeadership in academic libraries$94468063 997 $aUNINA